Spectrum 2: a communicative course in English. Student book, 2A
Uloženo v:
| Hlavní autoři: | , |
|---|---|
| Médium: | Kniha |
| Jazyk: | angličtina |
| Vydáno: |
Englewood Cliffs
Regents
1993
Englewood Cliffs Prentice Hall 1993 |
| Vydání: | 1a. ed |
| Témata: | |
| Tagy: |
Přidat tag
Žádné tagy, Buďte první, kdo vytvoří štítek k tomuto záznamu!
|
MARC
| LEADER | 00000nam a2200000 a 4500 | ||
|---|---|---|---|
| 001 | UCH2410 | ||
| 003 | CL-VaPUC | ||
| 008 | 090611e19930000us |||||||||||||||||eng|d | ||
| 020 | |a 0138299870 | ||
| 082 | 0 | 4 | |a 428.8 |b COS |2 21 |
| 100 | 0 | |a Costinett, Sandra |e author |9 537208 | |
| 700 | 0 | |a Byrd, Donald R. H |e author |9 537209 | |
| 245 | 1 | 0 | |a Spectrum 2: a communicative course in English. Student book, 2A |
| 250 | |a 1a. ed | ||
| 300 | |a 88 p | ||
| 942 | |c BK | ||
| 945 | |d 20090611 00:00:00 |a cmena | ||
| 260 | |a Englewood Cliffs |b Regents |c 1993 | ||
| 260 | |a Englewood Cliffs |b Prentice Hall |c 1993 | ||
| 500 | |a Complementario con Workbook 2A | ||
| 650 | 0 | |a Inglés |9 260023 | |
| 650 | 0 | |a Enseñanza del inglés |9 367340 | |
| 650 | 0 | |a Educación lingüística |9 306506 | |
| 650 | 0 | |a Comprensión de lectura |9 307588 | |
| 650 | 0 | |a Libros de texto |9 270019 | |
| 583 | |a last modification |c 20171211 01:25:26 |k Rodrigo Vera | ||
| 999 | |c 334151 |d 334149 | ||
| 952 | |0 0 |1 0 |4 0 |6 428_800000000000000_COS_1993_1993 |7 0 |8 X |9 422984 |a FDOBUD |b FDOBUD |d 2019-11-22 |i 4556011 |o 428.8 COS 1993 1993 |p 4556011 |r 2019-11-22 |w 2019-11-22 |y BK_X |k BUD | ||